[Event "Baku op"]
[Site "Baku"]
[Date "2010.08.26"]
[Round "4"]
[White "Namazov, Farid"]
[Black "Durarbayli, Vasif"]
[Result "0-1"]
[WhiteElo "2147"]
[BlackElo "2501"]
[PlyCount "82"]
[EventDate "2010.08.23"]
[EventType "swiss"]
[EventRounds "9"]
[EventCountry "AZE"]
[SourceTitle "CBM 138 Extra"]
[Source "ChessBase"]
[SourceDate "2010.10.29"]
[SourceVersion "1"]
[SourceVersionDate "2010.10.29"]
[SourceQuality "1"]

1. d4 Nf6 2. c4 c5 3. d5 b5 4. cxb5 a6 5. bxa6 Bxa6 6. Nc3 d6 7. e4 Bxf1 8. Kxf1 g6 9. Nge2 Bg7 10. h3 0-0 11. Kg1 Nbd7 12. Qc2 Qa5 13. Rb1 Rfb8 14. b3 Rb4 15. a3 Rb7 16. Kh2 Rab8 17. Rd1 Ne8 18. a4 Nc7 19. Bd2 Qa6 20. Bg5 Kf8 21. Na2 h6 22. Be3 Kg8 23. Nec3 Kh7 24. f4 Nf6 25. e5 dxe5 26. Bxc5 exf4 27. b4 Qc4 28. Qd3 Qxd3 29. Rxd3 Na6 30. Nb5 Rc8 31. Bd4 Rd7 32. Nbc3 Rc4 33. b5 Nc5 34. Bxc5 Rxc5 35. a5 Nxd5 36. Nxd5 Rcxd5 37. Rxd5 Rxd5 38. a6 f3 39. b6 Rd2 40. Kg3 Rxa2 41. a7 f2 0-1

[Event "Baku op"]
[Site "Baku"]
[Date "2010.08.24"]
[Round "2"]
[White "Namazov, Farid"]
[Black "Alavi, Sayed Javad"]
[Result "1/2-1/2"]
[WhiteElo "2147"]
[BlackElo "2413"]
[PlyCount "53"]
[EventDate "2010.08.23"]
[EventType "swiss"]
[EventRounds "9"]
[EventCountry "AZE"]
[SourceTitle "CBM 138 Extra"]
[Source "ChessBase"]
[SourceDate "2010.10.29"]
[SourceVersion "1"]
[SourceVersionDate "2010.10.29"]
[SourceQuality "1"]

1. d4 Nf6 2. c4 e6 3. Nf3 b6 4. g3 Ba6 5. b3 Bb7 6. Bg2 Bb4+ 7. Bd2 a5 8. 0-0 0-0 9. a3 Bxd2 10. Nbxd2 c5 11. Qc2 Nc6 12. e3 Rc8 13. Qb2 Qe7 14. Rfd1 cxd4 15. Nxd4 Rfd8 16. N2f3 Nxd4 17. Qxd4 Qc5 18. Qxc5 bxc5 19. Rd6 Ne8 20. Rb6 Bc6 21. Nd2 Bxg2 22. Kxg2 Rb8 23. Rb5 Rxb5 24. cxb5 Nd6 25. a4 f6 26. Rc1 Rc8 27. Nc4 1/2-1/2